Представление документа в формате MARC21

Поле Инд. ПП Название Значение
Тип записи a
Библиографический уровень b
001 Контрольный номер RU/IS/BASE/508246122
005 Дата корректировки 20240403144210.0
008 Кодируемые данные 20160208
040 b Код языка каталог. rus
e Правила каталог. PSBO
041 0_ a Код языка текста rus
084 a Индекс другой классификации/Индекс ББК 74.4(2)
100 1_ a Автор Терентьева М. А.
q Полное имя Терентьева Марина Алексеевна
245 10 a Заглавие Трудовой потенциал северного региона и проблемы профессионального образования
504 a Библиография Лит. в конце статьи
520 a Аннотация Проанализировано севременное состояние образовательной системы Республики Коми. Показано, что она развивается в соответствии с "догоняющей" стратегией, предполагающей всеобщность высшего профессионального образования...
650 14 a Основная рубрика образование
a Основная рубрика профессиональное образование
653 1_ a Ключевые слова высшее образование
a Ключевые слова высшие учебные заведения
a Ключевые слова диверсификация производства
a Ключевые слова инновационное развитие
a Ключевые слова качество образования
a Ключевые слова Коми (Республика Коми)
a Ключевые слова образовательная политика
a Ключевые слова образовательные кластеры
a Ключевые слова рабочая сила
a Ключевые слова развитие региона
a Ключевые слова региональная экономика
a Ключевые слова регионы России
a Ключевые слова Россия
a Ключевые слова рынок труда
a Ключевые слова среднее профессиональное образование
a Ключевые слова трудовой потенциал
a Ключевые слова университеты
a Ключевые слова уровень образования
773 08 t Заглавие источника Вопросы образования
d Дата издания источника 2015
g Прочая информация № 1. - С. 118 - 136 : 2 диагр., 6 табл.
w Контрольный № источника RU/IS/BASE/482515005
901 t Тип документа b